000 00824nam a2200253Ia 4500
003 OSt
005 20220923225414.0
006 a|||||r|||| 00| 0
007 ta
008 220922b |||||||| |||| 00| 0 hin d
024 _a266,312
037 _cTextual
040 _aARTS
_cARTS
_bhin
041 _2hin
_ahin
082 _aO155x, L6
100 _aहरदास, बालशास्त्री
245 0 _aभारतीय जीवनादर्श
246 _aBhāratīya jīvanādarsha
260 _aनागपुर
_b चन्द्रकान्त प्रकाशन
_c1976
300 _a290पृ.
_ccm.
650 _aमराठी साहित्य
942 _hO155x, L6
_cTEXL
_2CC
999 _c378026
_d378026